000 02999nam a22003017a 4500
001 9056
003 FISKH
005 20251127121252.0
008 251118b cb ||||| |||| 00| 0 eng d
020 _a9789996301261
040 _aFISKH
_bkhr
_cFISKH
_dFISKH
082 _a398.2
100 _aSotheary, Kimsun
245 _aជីវិតសូនីតា :
_bSonita's life /
_cនិពន្ធដោយ អ្នកស្រី គឹមស៊ុន សុធារី ,​ ត្រួតពិនិត្យអក្ខរាវិរុទ្ធ លោក វ៉ាន់ សុភ័ក្រ្ត , អ្នកនាង វ៉ាត ចរិយា​, កញ្ញា វុិច វឌ្ឍនា និង​ កញ្ញា ហម លីមឆេង
260 _aភ្នំពេញ :
_bReading Books ,
_c2011.
300 _a20 pages :
_bcolor illustrations ;
_c25 cm .
490 _aពិភពរឿងនិទាន
505 _aK
520 _aសូនីតាជាក្មេងកំព្រា រស់នៅជាមួយស្ត្រីចំណាស់អ្នកមានម្នាក់ ។​ ដូនចាស់ប្រើនាងអោយធ្វើការងារសព្វគ្រប់ ហើយតែងតែនិយាយគំរោះគំរើយដាក់នាង ហើយថ្ងៃមួយដូនចាស់ក៏បណ្តេញនាងចេញពីផ្ទះ ។ ក្រោយមកនាងក៏បានទៅនៅជាមួយប្តីប្រពន្ធពីរនាក់ ។ និយាយពីដូនចាស់វិញ ក្រោយការចាកចេញរបស់សូនីតា ផ្ទះដូនចាស់ត្រូវឆេះ គាត់ក៏ធ្លាក់ខ្លួនដើរសុំទាន ។​ ពេលឃើញដូនចាស់សូនីតាក៏សុំឪពុកម្តាយអោយដូនចាស់រស់នៅជាមួយ ដោយសារតែដូនចាស់ធ្លាប់ចិញ្ចឹមនាងមួយរយះកន្លងមក ។​
520 _aSonita was an orphan girl living with an older woman. The older woman made her do all the work and constantly scolded and mistreated her. One day, the older woman kicked Sonita out of the house. Afterwards, Sonita went to live with a couple. As for the older woman, after Sonita left, her house burned down, and she ended up begging for alms. When Sonita saw the older woman, she asked her parents to let the older woman live with them, because the older woman had taken care of her for a period of time.
521 8 _a510
_bLexile estimate
521 8 _aK
_bRaz-Plus
650 _aជីវិតសូនីតា
_vរឿងនិទានកុមារ​
650 _aSonita's life
_vChildren's Stories
700 _aSan, Thai
_eIllustrator
942 _2ddc
_cKHB
_n0
999 _c9056
_d9056